| 000 | 00719nam a2200241 a 4500 | ||
|---|---|---|---|
| 005 | 20240803063828.0 | ||
| 008 | 190329s2005 es r 000 0 spa d | ||
| 020 | _a8466619704 | ||
| 035 | _aUPN01000229869 | ||
| 049 | _aCG | ||
| 050 | 4 |
_aPT2669 S2.8 _bB5.2 |
|
| 100 | 1 |
_aIsau, Ralf, _d1956- _943189 |
|
| 245 | 1 | 3 |
_aLa biblioteca secreta / _cRalf Isau ; tr. Irene Saslavsky. |
| 260 |
_aBarcelona, Esp. : _bEdiciones B, _c2005. |
||
| 300 | _a318 p. | ||
| 440 | 0 | _aLeyendas de fantasía | |
| 534 |
_pTítulo original: _tDie geheime bibliothek |
||
| 650 | 4 |
_aNovela alemana _911856 |
|
| 650 | 0 |
_aLiteratura fantástica _98755 |
|
| 650 | 0 |
_aLibros y lectura _vNovela _921000 |
|
| 905 | _aLibro | ||
| 999 |
_c201964 _d201964 |
||